SAT Words HARD Click Quiz - S #14 - Daily Word Quiz! - Statistics

General Stats
  • This quiz has been taken 168 times
  • The average score is 11 of 16
Answer Stats
Hint Answer % Correct
Pertaining to worldly matters, not spiritual or religious Secular
86%
Provide in a limited, insufficient, or minimal quantity Scant
85%
Angelic, divine, heavenly Seraphic
85%
Cunning or deceitful tactic, particularly in warfare or politics Stratagem
82%
Muslim mystic Sufi
81%
Sleep inducing; tending to cause drowsiness Soporific
79%
Smoothly gracious and sophisticated, often superficially Suave
78%
Characterized by romantic or sexual attraction between women Sapphic
76%
Expressing a humble and earnest plea or request; humbly entreating Suppliant
66%
Exhibiting an attitude of disdain or condescension; dismissively haughty Sniffy
64%
Genealogical descendent; the heir of an aristocratic family Scion
59%
The illicit exchange of money or good for religious favours or positions Simony
57%
Stretch of land covered with grass, such as a lawn Sward
48%
Projection from the side of a ship, such as a gun platform Sponson
39%
Cross-shaped symbol on a flag; an “X” Saltire
38%
Support, assist, or replace someone or something effectively Stead
38%
No matching quizzes found
Score Distribution
Percent of People with Each Score
Percentile by Number Answered
Your Score History
You have not taken this quiz